| 000 | 00552cam a2200145 4500500 | ||
|---|---|---|---|
| 005 | 20251228093425.0 | ||
| 041 | _afre | ||
| 042 | _adc | ||
| 100 | 1 | 0 |
_aDepretto, Catherine _eauthor |
| 245 | 0 | 0 | _aGeorge O. Liber Alexander Dovzhenko : A Life in Soviet Film Londres : British Film Institute, 2002, 320 p. |
| 260 | _c2005. | ||
| 500 | _a32 | ||
| 786 | 0 | _nCahiers du monde russe | Vol 46 | 4 | 2005-11-01 | p. 859u-990u | 1252-6576 | |
| 856 | 4 | 1 | _uhttps://shs.cairn.info/revue-cahiers-du-monde-russe-2005-4-page-859u?lang=fr&redirect-ssocas=7080 |
| 999 |
_c1604347 _d1604347 |
||